| 000 | 00388nam a22001697a 4500 | ||
|---|---|---|---|
| 005 | 20160622111745.0 | ||
| 008 | 160622b xxu||||| |||| 00| 0 eng d | ||
| 020 | _a978-0-07-060448-3 | ||
| 041 | _aeng | ||
| 082 | _b8945 | ||
| 100 |
_aChase, Richard Band others _92468 |
||
| 245 | _aOperations Management | ||
| 260 | _bTMH | ||
| 300 | _a800 | ||
| 650 |
_aManagement _9241 |
||
| 942 | _cBK | ||
| 999 |
_c3506 _d3505 |
||